[Event "DVM U14 2014"]
[Site "Regensburg GER"]
[Date "2014.12.27"]
[Round "1"]
[White "Kroschel, Anton"]
[Black "Fieberg, Samuel"]
[Result "1/2-1/2"]
[Termination "normal"]
[Board "1.1"]
[WhiteElo "1658"]
[BlackElo "2064"]
[WhiteClock "00:15:22"]
[BlackClock "00:10:48"]
[WhiteTeam "Lübecker SV"]
[BlackTeam "SG Porz"]
[PlyCount "107"]
[WhiteFideId "12969834"]
[BlackFideId "12901717"]
[EventCountry "GER"]
[EventRounds "7"]
[EventType "team-swiss"]
[EventDate "2014.12.26"]

1. Nf3 {[%clk 1:30:54]} d5 {[%clk 1:30:50]} 2. c4 {[%clk 1:31:10]} d4 3. e3 c5
{[%clk 1:25:00]} 4. exd4 {[%clk 1:30:12]} cxd4 {[%clk 1:25:17]} 5. d3 {[%clk
1:29:49]} Nc6 {[%clk 1:22:54]} 6. g3 {[%clk 1:28:30]} e5 {[%clk 1:20:58]} 7.
Bg2 {[%clk 1:28:27]} Nf6 {[%clk 1:21:03]} 8. O-O {[%clk 1:28:45]} Bd6 {[%clk
1:21:23]} 9. a3 {[%clk 1:28:11]} a5 {[%clk 1:21:20]} 10. Re1 {[%clk 1:23:51]}
O-O {[%clk 1:21:30]} 11. Nbd2 {[%clk 1:23:51]} Re8 {[%clk 1:14:49]} 12. Ng5
{[%clk 1:20:28]} Bc7 {[%clk 1:10:48]} 13. Nge4 {[%clk 1:18:47]} Nd7 {[%clk
0:59:41]} 14. Qh5 {[%clk 1:11:29]} Nf6 {[%clk 0:46:22]} 15. Nxf6+ {[%clk
1:10:08]} Qxf6 {[%clk 0:46:21]} 16. Ne4 {[%clk 1:09:59]} Qg6 {[%clk 0:46:08]}
17. Qe2 {[%clk 1:01:24]} f5 {[%clk 0:44:35]} 18. Ng5 {[%clk 1:00:41]} Re7
{[%clk 0:38:29]} 19. Bd5+ {[%clk 0:58:41]} Kh8 {[%clk 0:38:34]} 20. Nf3 {[%clk
0:50:17]} Bd7 {[%clk 0:36:46]} 21. Nh4 {[%clk 0:49:13]} Qf6 {[%clk 0:24:00]}
22. Qh5 {[%clk 0:48:40]} g6 {[%clk 0:23:31]} 23. Bg5 {[%clk 0:45:08]} Qg7
{[%clk 0:18:24]} 24. Nxg6+ {[%clk 0:42:33]} Qxg6 {[%clk 0:18:39]} 25. Qxg6
{[%clk 0:42:57]} hxg6 {[%clk 0:19:01]} 26. Bxc6 {[%clk 0:43:22]} Bxc6 {[%clk
0:19:01]} 27. Bxe7 {[%clk 0:43:41]} Kg7 {[%clk 0:19:21]} 28. b4 {[%clk
0:42:59]} Bf3 {[%clk 0:17:59]} 29. Bc5 {[%clk 0:39:58]} Kf7 {[%clk 0:15:42]}
30. bxa5 {[%clk 0:34:26]} Rxa5 {[%clk 0:15:48]} 31. Bb4 {[%clk 0:34:41]} Ra8
{[%clk 0:15:03]} 32. Ra2 {[%clk 0:34:08]} Re8 {[%clk 0:09:21]} 33. Rd2 {[%clk
0:30:17]} Bd8 {[%clk 0:09:38]} 34. Rb2 {[%clk 0:19:48]} Re6 {[%clk 0:06:45]}
35. Bd2 {[%clk 0:19:44]} b6 {[%clk 0:06:58]} 36. Kf1 {[%clk 0:12:01]} Re8
{[%clk 0:04:00]} 37. Kg1 {[%clk 0:12:03]} Re6 {[%clk 0:04:17]} 38. Rb5 {[%clk
0:11:41]} Bc7 {[%clk 0:04:19]} 39. a4 {[%clk 0:11:24]} Bc6 {[%clk 0:04:13]} 40.
Rb4 {[%clk 0:11:27]} Re8 {[%clk 0:03:54]} 41. h4 {[%clk 0:07:30]} Ra8 {[%clk
0:27:32]} 42. Ra1 {[%clk 0:36:57]} Ke6 {[%clk 0:26:20]} 43. Rb2 {[%clk
0:34:25]} Rxa4 {[%clk 0:22:25]} 44. Rxa4 {[%clk 0:33:11]} Bxa4 {[%clk 0:22:44]}
45. Ra2 {[%clk 0:32:09]} Bd1 {[%clk 0:17:01]} 46. Kf1 {[%clk 0:31:54]} Bf3
{[%clk 0:17:13]} 47. Ra7 {[%clk 0:31:47]} Kd6 {[%clk 0:17:26]} 48. Bb4+ {[%clk
0:29:37]} Kc6 {[%clk 0:14:27]} 49. Ra8 {[%clk 0:29:24]} Bh5 {[%clk 0:11:11]}
50. Re8 {[%clk 0:26:09]} Kd7 {[%clk 0:10:31]} 51. Re7+ {[%clk 0:26:29]} Kc8
{[%clk 0:10:19]} 52. Re6 {[%clk 0:24:14]} Kd7 {[%clk 0:10:39]} 53. Re7+ {[%clk
0:21:47]} Kc8 {[%clk 0:10:48]} 54. Re8+ {[%clk 0:15:22]} 1/2-1/2

[Event "DVM U14 2014"]
[Site "Regensburg GER"]
[Date "2014.12.27"]
[Round "1"]
[White "Ramien, David"]
[Black "Bosselmann, Tom Linus"]
[Result "1-0"]
[Termination "normal"]
[Board "1.2"]
[WhiteElo "1985"]
[BlackElo "1623"]
[WhiteClock "01:32:14"]
[BlackClock "01:32:36"]
[WhiteTeam "SG Porz"]
[BlackTeam "Lübecker SV"]
[PlyCount "143"]
[WhiteFideId "12948241"]
[BlackFideId "12983845"]
[EventCountry "GER"]
[EventRounds "7"]
[EventType "team-swiss"]
[EventDate "2014.12.26"]

1. e4 {[%clk 1:30:57]} c5 {[%clk 1:30:51]} 2. Nf3 {[%clk 1:31:23]} d6 {[%clk
1:30:53]} 3. d4 {[%clk 1:31:47]} cxd4 4. Nxd4 {[%clk 1:32:15]} Nf6 {[%clk
1:31:35]} 5. Nc3 {[%clk 1:32:40]} g6 {[%clk 1:31:56]} 6. Be2 {[%clk 1:33:06]}
Bg7 {[%clk 1:32:16]} 7. Be3 {[%clk 1:33:32]} O-O {[%clk 1:32:36]} 8. Qd2 {[%clk
1:32:14]} Nc6 {[%clk 1:32:36]} 9. f4 {[%clk 1:32:14]} Bd7 {[%clk 1:32:36]} 10.
O-O {[%clk 1:32:14]} a6 {[%clk 1:32:36]} 11. Bf3 {[%clk 1:32:14]} Rb8 {[%clk
1:32:36]} 12. Rad1 {[%clk 1:32:14]} Qc8 {[%clk 1:32:36]} 13. h3 {[%clk
1:32:14]} b5 {[%clk 1:32:36]} 14. Nb3 {[%clk 1:32:14]} Rd8 {[%clk 1:32:36]} 15.
Nd5 {[%clk 1:32:14]} Be8 {[%clk 1:32:36]} 16. Bb6 {[%clk 1:32:14]} Rd7 {[%clk
1:32:36]} 17. Bf2 {[%clk 1:32:14]} Nxd5 {[%clk 1:32:36]} 18. exd5 {[%clk
1:32:14]} Nd8 {[%clk 1:32:36]} 19. Nd4 {[%clk 1:32:14]} Rc7 {[%clk 1:32:36]}
20. c3 {[%clk 1:32:14]} a5 {[%clk 1:32:36]} 21. Be3 {[%clk 1:32:14]} b4 {[%clk
1:32:36]} 22. Rc1 {[%clk 1:32:14]} Bb5 {[%clk 1:32:36]} 23. Nxb5 {[%clk
1:32:14]} Rxb5 {[%clk 1:32:36]} 24. c4 {[%clk 1:32:14]} Rb8 {[%clk 1:32:36]}
25. b3 {[%clk 1:32:14]} a4 {[%clk 1:32:36]} 26. Bd4 {[%clk 1:32:14]} axb3
{[%clk 1:32:36]} 27. Bxg7 {[%clk 1:32:14]} Kxg7 {[%clk 1:32:36]} 28. axb3
{[%clk 1:32:14]} Qb7 {[%clk 1:32:36]} 29. Ra1 {[%clk 1:32:14]} Qb6+ {[%clk
1:32:36]} 30. Kh1 {[%clk 1:32:14]} Nb7 {[%clk 1:32:36]} 31. f5 {[%clk 1:32:14]}
Nc5 {[%clk 1:32:36]} 32. Rfb1 {[%clk 1:32:14]} Ra7 {[%clk 1:32:36]} 33. Rxa7
{[%clk 1:32:14]} Qxa7 {[%clk 1:32:36]} 34. Qd4+ {[%clk 1:32:14]} f6 {[%clk
1:32:36]} 35. Ra1 {[%clk 1:32:14]} Qc7 {[%clk 1:32:36]} 36. Qe3 {[%clk
1:32:14]} Rb7 {[%clk 1:32:36]} 37. fxg6 {[%clk 1:32:14]} hxg6 {[%clk 1:32:36]}
38. g4 {[%clk 1:32:14]} Qd7 {[%clk 1:32:36]} 39. Kg2 {[%clk 1:32:14]} Ra7
{[%clk 1:32:36]} 40. Re1 {[%clk 1:32:14]} Ra2+ {[%clk 1:32:36]} 41. Kg1 {[%clk
1:32:14]} Ra3 {[%clk 1:32:36]} 42. Bd1 {[%clk 1:32:14]} Ra7 {[%clk 1:32:36]}
43. g5 {[%clk 1:32:14]} fxg5 {[%clk 1:32:36]} 44. Bg4 {[%clk 1:32:14]} Qe8
{[%clk 1:32:36]} 45. Qxg5 {[%clk 1:32:14]} Nd3 {[%clk 1:32:36]} 46. Re3 {[%clk
1:32:14]} Ra1+ {[%clk 1:32:36]} 47. Kh2 {[%clk 1:32:14]} Ne5 {[%clk 1:32:36]}
48. Rxe5 {[%clk 1:32:14]} Ra2+ {[%clk 1:32:36]} 49. Re2 {[%clk 1:32:14]} Rxe2+
{[%clk 1:32:36]} 50. Bxe2 {[%clk 1:32:14]} Qf7 {[%clk 1:32:36]} 51. Kg3 {[%clk
1:32:14]} e6 {[%clk 1:32:36]} 52. Qg4 {[%clk 1:32:14]} Qe7 {[%clk 1:32:36]} 53.
Qe4 {[%clk 1:32:14]} e5 {[%clk 1:32:36]} 54. Qg4 {[%clk 1:32:14]} Qa7 {[%clk
1:32:36]} 55. Kg2 {[%clk 1:32:14]} Qe3 {[%clk 1:32:36]} 56. Qf3 {[%clk
1:32:14]} Qg5+ {[%clk 1:32:36]} 57. Kh2 {[%clk 1:32:14]} Qe7 {[%clk 1:32:36]}
58. Qg3 {[%clk 1:32:14]} e4 {[%clk 1:32:36]} 59. h4 {[%clk 1:32:14]} Qf6 {[%clk
1:32:36]} 60. Bh5 {[%clk 1:32:14]} e3 {[%clk 1:32:36]} 61. Bxg6 {[%clk
1:32:14]} Kf8 {[%clk 1:32:36]} 62. Bd3 {[%clk 1:32:14]} Qb2+ {[%clk 1:32:36]}
63. Kh3 {[%clk 1:32:14]} Qc1 {[%clk 1:32:36]} 64. Qxd6+ {[%clk 1:32:14]} Kg7
{[%clk 1:32:36]} 65. Qe7+ {[%clk 1:32:14]} Kg8 {[%clk 1:32:36]} 66. Qg5+ {[%clk
1:32:14]} Kf8 {[%clk 1:32:36]} 67. Qh6+ {[%clk 1:32:14]} Kf7 {[%clk 1:32:36]}
68. Bg6+ {[%clk 1:32:14]} Ke7 {[%clk 1:32:36]} 69. d6+ {[%clk 1:32:14]} Kxd6
{[%clk 1:32:36]} 70. Qf4+ {[%clk 1:32:14]} Ke7 {[%clk 1:32:36]} 71. Qf7+ {[%clk
1:32:14]} Kd8 {[%clk 1:32:36]} 72. Bf5 {[%clk 1:32:14]} 1-0

[Event "DVM U14 2014"]
[Site "Regensburg GER"]
[Date "2014.12.27"]
[Round "1"]
[White "Pommerenke, Kayonzo"]
[Black "Kagan, Dennis"]
[Result "0-1"]
[Termination "normal"]
[Board "1.3"]
[WhiteElo "1562"]
[BlackElo "1926"]
[WhiteTeam "Lübecker SV"]
[BlackTeam "SG Porz"]
[PlyCount "66"]
[WhiteFideId "12968129"]
[BlackFideId "12983578"]
[EventCountry "GER"]
[EventRounds "7"]
[EventType "team-swiss"]
[EventDate "2014.12.26"]

1. e4 c5 2. Nf3 d6 3. d4 cxd4 4. Nxd4 Nf6 5. Nc3 Nc6 6. f3 e5 7. Nb3 Be7 8. Bc4
Be6 9. Nd5 a5 10. a4 O-O 11. Bg5 Bxd5 12. Bxd5 Nxd5 13. exd5 Bxg5 14. dxc6 bxc6
15. O-O Be3+ 16. Kh1 Bf4 17. Qd3 Qh4 18. g3 Bxg3 19. Qe2 Bf4 20. Rg1 Rfe8 21.
Rg4 Qh5 22. Rag1 g6 23. h4 f5 24. Rxf4 exf4 25. Qc4+ Kg7 26. Qxf4 Re5 27. Rd1
Qh6 28. Qxh6+ Kxh6 29. Rxd6 c5 30. Kg1 Rb8 31. Rc6 Rb4 32. Nxa5 Rxa4 33. Nb7
Re2 0-1

[Event "DVM U14 2014"]
[Site "Regensburg GER"]
[Date "2014.12.27"]
[Round "1"]
[White "Sewald, Kathrin"]
[Black "Watzlawik, Lee-David"]
[Result "1-0"]
[Termination "normal"]
[Board "1.4"]
[WhiteElo "1503"]
[BlackElo "1370"]
[WhiteClock "00:02:41"]
[BlackClock "00:27:08"]
[WhiteTeam "SG Porz"]
[BlackTeam "Lübecker SV"]
[PlyCount "58"]
[WhiteFideId "12964557"]
[BlackFideId "1270474"]
[EventCountry "GER"]
[EventRounds "7"]
[EventType "team-swiss"]
[EventDate "2014.12.26"]

1. e4 {[%clk 1:30:54]} e5 {[%clk 1:30:27]} 2. Nf3 {[%clk 1:31:17]} f5 {[%clk
1:30:52]} 3. exf5 e4 4. Ne5 {[%clk 1:23:34]} Nf6 {[%clk 1:29:31]} 5. Ng4 d5
{[%clk 1:18:53]} 6. d4 {[%clk 1:02:49]} Bxf5 {[%clk 1:15:33]} 7. Ne5 {[%clk
1:00:25]} Nbd7 {[%clk 1:13:35]} 8. Bg5 {[%clk 0:51:04]} Be7 {[%clk 1:11:56]} 9.
Be2 {[%clk 0:43:29]} O-O {[%clk 1:08:54]} 10. Nc3 {[%clk 0:38:11]} c5 {[%clk
1:04:36]} 11. Nxd7 {[%clk 0:32:26]} Qxd7 {[%clk 0:59:08]} 12. dxc5 {[%clk
0:25:43]} d4 {[%clk 0:58:35]} 13. Bc4+ {[%clk 0:23:12]} Kh8 {[%clk 0:56:27]}
14. Bxf6 {[%clk 0:22:36]} Bxf6 {[%clk 0:55:34]} 15. Nd5 {[%clk 0:18:26]} Bg4
{[%clk 0:46:58]} 16. Nxf6 {[%clk 0:17:13]} Rxf6 {[%clk 0:46:43]} 17. Qd2 {[%clk
0:15:12]} Raf8 {[%clk 0:44:14]} 18. Rf1 {[%clk 0:11:13]} e3 {[%clk 0:43:46]}
19. fxe3 {[%clk 0:09:39]} Rxf1+ {[%clk 0:40:55]} 20. Bxf1 {[%clk 0:10:08]} Qf5
{[%clk 0:40:54]} 21. Bd3 {[%clk 0:09:10]} Qe5 {[%clk 0:38:15]} 22. Be2 {[%clk
0:07:36]} Bxe2 {[%clk 0:36:07]} 23. Qxe2 {[%clk 0:07:44]} dxe3 {[%clk 0:34:46]}
24. O-O-O {[%clk 0:07:37]} Qxc5 {[%clk 0:33:52]} 25. Qd3 Qe7 {[%clk 0:31:38]}
26. Re1 {[%clk 0:03:54]} Re8 {[%clk 0:30:13]} 27. Qd4 {[%clk 0:03:41]} Qg5
{[%clk 0:27:32]} 28. h4 {[%clk 0:02:19]} e2+ {[%clk 0:27:08]} 29. hxg5 {[%clk
0:02:41]} Ra8 1-0

[Event "DVM U14 2014"]
[Site "Regensburg GER"]
[Date "2014.12.27"]
[Round "1"]
[White "Oberhofer, Cédric"]
[Black "Wendler, David"]
[Result "1-0"]
[Termination "normal"]
[Board "2.1"]
[WhiteElo "2066"]
[BlackElo "1776"]
[WhiteClock "00:30:39"]
[BlackClock "00:30:42"]
[WhiteTeam "SC Bavaria Regensburg"]
[BlackTeam "SK Bebenhausen"]
[PlyCount "99"]
[WhiteFideId "12941220"]
[BlackFideId "12938360"]
[EventCountry "GER"]
[EventRounds "7"]
[EventType "team-swiss"]
[EventDate "2014.12.26"]

1. e4 {[%clk 1:30:55]} c5 {[%clk 1:30:54]} 2. Nf3 {[%clk 1:31:22]} Nc6 {[%clk
1:31:17]} 3. d4 {[%clk 1:31:48]} cxd4 4. Nxd4 {[%clk 1:32:12]} g6 {[%clk
1:31:44]} 5. Nc3 {[%clk 1:32:16]} Bg7 {[%clk 1:31:57]} 6. Be3 {[%clk 1:32:28]}
Nf6 {[%clk 1:30:10]} 7. Nxc6 {[%clk 1:32:28]} bxc6 {[%clk 1:30:10]} 8. e5
{[%clk 1:32:28]} Nd5 {[%clk 1:30:10]} 9. Nxd5 {[%clk 1:32:28]} cxd5 10. Qxd5
{[%clk 1:32:07]} Rb8 {[%clk 1:29:55]} 11. O-O-O Bb7 12. Qc5 {[%clk 1:25:30]}
Rc8 {[%clk 1:18:18]} 13. Qxa7 {[%clk 1:04:05]} Qc7 {[%clk 1:15:46]} 14. c3 O-O
{[%clk 0:51:20]} 15. Bd4 {[%clk 0:58:50]} Ra8 {[%clk 0:43:01]} 16. Qb6 {[%clk
0:53:48]} Qb8 {[%clk 0:37:29]} 17. Qb3 {[%clk 0:43:22]} Ra5 {[%clk 0:28:58]}
18. Re1 {[%clk 0:32:47]} Qa8 {[%clk 0:27:40]} 19. Bc4 {[%clk 0:28:19]} Bxg2
{[%clk 0:24:46]} 20. Rhg1 {[%clk 0:28:27]} Rb8 {[%clk 0:21:38]} 21. Qc2 {[%clk
0:24:57]} Bd5 {[%clk 0:18:43]} 22. Bxd5 {[%clk 0:23:25]} Qxd5 {[%clk 0:19:05]}
23. b3 {[%clk 0:20:58]} Ra3 {[%clk 0:17:18]} 24. h4 {[%clk 0:16:32]} Rba8
{[%clk 0:17:12]} 25. Kb1 {[%clk 0:16:38]} h5 {[%clk 0:17:00]} 26. Rg3 {[%clk
0:14:16]} d6 {[%clk 0:16:07]} 27. e6 {[%clk 0:11:37]} Bxd4 {[%clk 0:13:53]} 28.
cxd4 {[%clk 0:11:47]} Rxa2 {[%clk 0:12:58]} 29. exf7+ {[%clk 0:06:53]} Kf8
{[%clk 0:12:40]} 30. Qxg6 {[%clk 0:02:42]} Ra1+ {[%clk 0:11:59]} 31. Kc2 {[%clk
0:03:03]} R8a2+ {[%clk 0:05:06]} 32. Kc3 {[%clk 0:03:12]} Qc6+ {[%clk 0:02:11]}
33. Kb4 {[%clk 0:03:00]} Qb6+ {[%clk 0:02:01]} 34. Kc3 {[%clk 0:02:16]} Qa5+
{[%clk 0:02:05]} 35. Kd3 {[%clk 0:02:35]} Qd2+ {[%clk 0:02:24]} 36. Kc4 {[%clk
0:01:55]} Rc2+ {[%clk 0:02:29]} 37. Kd5 {[%clk 0:01:11]} Rc5+ {[%clk 0:01:14]}
38. Ke6 {[%clk 0:01:20]} Rxe1+ {[%clk 0:01:26]} 39. Re3 {[%clk 0:00:56]} Rxe3+
{[%clk 0:01:18]} 40. Kd7 {[%clk 0:01:03]} Rc7+ {[%clk 0:00:41]} 41. Kd8 {[%clk
0:30:04]} Rc8+ {[%clk 0:28:56]} 42. Kxc8 {[%clk 0:29:32]} Rc3+ {[%clk 0:28:52]}
43. Kd7 {[%clk 0:29:15]} Rc7+ {[%clk 0:28:53]} 44. Kd8 {[%clk 0:29:41]} Rc8+
{[%clk 0:29:15]} 45. Kxc8 {[%clk 0:29:54]} Qc3+ {[%clk 0:29:40]} 46. Kd7 {[%clk
0:29:25]} Qh3+ {[%clk 0:29:57]} 47. Kd8 {[%clk 0:29:47]} Qg4 {[%clk 0:30:06]}
48. Qg8+ {[%clk 0:29:54]} Qxg8 {[%clk 0:30:26]} 49. fxg8=Q+ {[%clk 0:30:16]}
Kxg8 {[%clk 0:30:42]} 50. Kxe7 {[%clk 0:30:39]} 1-0

[Event "DVM U14 2014"]
[Site "Regensburg GER"]
[Date "2014.12.27"]
[Round "1"]
[White "Grimm, Ling Leander"]
[Black "Dechant, Georg"]
[Result "0-1"]
[Termination "normal"]
[Board "2.2"]
[WhiteElo "1668"]
[BlackElo "1759"]
[WhiteClock "01:31:10"]
[BlackClock "01:30:52"]
[WhiteTeam "SK Bebenhausen"]
[BlackTeam "SC Bavaria Regensburg"]
[PlyCount "80"]
[WhiteFideId "12968277"]
[BlackFideId "12956716"]
[EventCountry "GER"]
[EventRounds "7"]
[EventType "team-swiss"]
[EventDate "2014.12.26"]

1. c4 {[%clk 1:30:47]} e5 {[%clk 1:30:52]} 2. Nc3 {[%clk 1:31:10]} Nf6 3. g3 d5
4. cxd5 Nxd5 5. Bg2 Nb6 6. Nf3 Nc6 7. O-O Be7 8. a3 Be6 9. b4 a5 10. b5 Nd4 11.
Rb1 a4 12. d3 Bb3 13. Qd2 f6 14. Ne1 Ra7 15. e3 Ne6 16. Bb2 O-O 17. Rc1 Nc5 18.
Ne4 Nxe4 19. Bxe4 f5 20. Bxe5 Bxa3 21. Rxc7 Nd7 22. Qc3 fxe4 23. b6 Ra8 24. Qd4
Nxe5 25. Qxe5 Qf6 26. Qxe4 Bd1 27. Ng2 Be2 28. Nf4 Bxf1 29. Qxb7 Bd6 30. Qd5+
Kh8 31. b7 Qa1 32. h4 Rad8 33. Rf7 Rxf7 34. Qxf7 Bxf4 35. Qxf4 Bxd3+ 36. Kh2
Qb2 37. Qc7 Qxf2+ 38. Kh3 Bf1+ 39. Kg4 h5+ 40. Kxh5 Qf5# 0-1

[Event "DVM U14 2014"]
[Site "Regensburg GER"]
[Date "2014.12.27"]
[Round "1"]
[White "Brüll, Elias"]
[Black "Freiherr von Hauff, Christopher V"]
[Result "0-1"]
[Termination "normal"]
[Board "2.3"]
[WhiteElo "1724"]
[BlackElo "1488"]
[WhiteClock "00:21:34"]
[BlackClock "00:39:12"]
[WhiteTeam "SC Bavaria Regensburg"]
[BlackTeam "SK Bebenhausen"]
[PlyCount "114"]
[WhiteFideId "12964921"]
[BlackFideId "16200691"]
[EventCountry "GER"]
[EventRounds "7"]
[EventType "team-swiss"]
[EventDate "2014.12.26"]

1. e4 {[%clk 1:30:57]} e5 {[%clk 1:30:49]} 2. Nf3 {[%clk 1:31:20]} Nc6 {[%clk
1:31:12]} 3. Bb5 {[%clk 1:31:42]} Nf6 {[%clk 1:30:54]} 4. O-O Nxe4 {[%clk
1:24:36]} 5. Re1 {[%clk 1:13:45]} Nd6 {[%clk 1:24:36]} 6. Nxe5 {[%clk 1:13:45]}
Be7 {[%clk 1:24:36]} 7. Nxc6 {[%clk 1:13:45]} dxc6 {[%clk 1:24:36]} 8. Ba4 O-O
{[%clk 1:24:36]} 9. d4 Bf6 {[%clk 1:20:30]} 10. c3 {[%clk 1:13:45]} Bf5 {[%clk
1:16:46]} 11. Bf4 {[%clk 1:11:02]} Re8 {[%clk 1:08:05]} 12. Nd2 {[%clk
1:07:49]} Ne4 {[%clk 1:00:32]} 13. Bc2 {[%clk 1:00:21]} Nd6 {[%clk 0:45:07]}
14. Rxe8+ {[%clk 0:58:49]} Qxe8 {[%clk 0:45:21]} 15. Bxf5 {[%clk 0:58:52]} Nxf5
{[%clk 0:45:42]} 16. Bxc7 {[%clk 0:57:00]} Qd7 {[%clk 0:45:14]} 17. Bf4 {[%clk
0:43:49]} c5 {[%clk 0:43:22]} 18. dxc5 {[%clk 0:31:37]} Rd8 {[%clk 0:38:27]}
19. Qc2 {[%clk 0:28:32]} Rc8 {[%clk 0:29:22]} 20. Ne4 {[%clk 0:24:28]} Qe6
{[%clk 0:26:25]} 21. Nxf6+ {[%clk 0:20:42]} Qxf6 {[%clk 0:26:37]} 22. b4 {[%clk
0:18:55]} b6 {[%clk 0:25:43]} 23. cxb6 {[%clk 0:17:08]} axb6 {[%clk 0:24:55]}
24. Rc1 {[%clk 0:13:22]} Nd4 {[%clk 0:24:36]} 25. Qd2 {[%clk 0:12:45]} Qxf4
{[%clk 0:24:30]} 26. Qxf4 {[%clk 0:12:09]} Ne2+ {[%clk 0:24:49]} 27. Kf1 {[%clk
0:12:27]} Nxf4 {[%clk 0:25:08]} 28. a4 {[%clk 0:12:11]} Kf8 {[%clk 0:22:57]}
29. a5 {[%clk 0:08:35]} bxa5 {[%clk 0:22:10]} 30. bxa5 {[%clk 0:08:51]} Ra8
{[%clk 0:21:43]} 31. Ra1 {[%clk 0:09:09]} Ke7 {[%clk 0:21:46]} 32. g3 {[%clk
0:08:47]} Nd5 {[%clk 0:21:29]} 33. c4 {[%clk 0:08:55]} Nb6 {[%clk 0:21:27]} 34.
c5 {[%clk 0:04:35]} Nc4 {[%clk 0:17:30]} 35. a6 {[%clk 0:02:19]} Kd7 {[%clk
0:16:55]} 36. Ra4 {[%clk 0:01:00]} Ne5 {[%clk 0:16:41]} 37. f4 {[%clk 0:00:56]}
Nc6 {[%clk 0:13:54]} 38. Ke2 {[%clk 0:00:53]} Ke6 {[%clk 0:13:51]} 39. Kd3
{[%clk 0:00:38]} Kd5 {[%clk 0:13:35]} 40. a7 {[%clk 0:00:39]} Rxa7 {[%clk
0:13:47]} 41. Rxa7 {[%clk 0:00:50]} Nxa7 {[%clk 0:14:07]} 42. h4 {[%clk
0:00:47]} f5 {[%clk 0:13:45]} 43. Ke3 {[%clk 0:00:39]} Kxc5 {[%clk 0:13:33]}
44. h5 {[%clk 0:30:19]} Nc6 {[%clk 0:41:50]} 45. Kf3 {[%clk 0:30:13]} Nd4+
{[%clk 0:41:34]} 46. Ke3 {[%clk 0:28:58]} Kd5 {[%clk 0:41:26]} 47. Kd3 {[%clk
0:29:21]} h6 {[%clk 0:39:23]} 48. Ke3 {[%clk 0:28:30]} Kc4 {[%clk 0:39:40]} 49.
Kd2 {[%clk 0:25:07]} Nf3+ {[%clk 0:39:13]} 50. Ke2 {[%clk 0:21:32]} Nh2 {[%clk
0:38:19]} 51. Ke3 {[%clk 0:20:33]} Kc3 {[%clk 0:38:08]} 52. Kf2 {[%clk
0:20:47]} Kd3 {[%clk 0:38:26]} 53. Kg2 {[%clk 0:20:45]} Ng4 {[%clk 0:38:45]}
54. Kh3 {[%clk 0:20:56]} Ke3 {[%clk 0:38:40]} 55. Kh4 {[%clk 0:21:12]} Nf6
{[%clk 0:38:37]} 56. Kh3 {[%clk 0:21:13]} Nxh5 {[%clk 0:38:59]} 57. g4 {[%clk
0:21:34]} Nxf4+ {[%clk 0:39:12]} 0-1

[Event "DVM U14 2014"]
[Site "Regensburg GER"]
[Date "2014.12.27"]
[Round "1"]
[White "De Rentiis, Davide Luca"]
[Black "Sammet, Dominik"]
[Result "1/2-1/2"]
[Termination "normal"]
[Board "2.4"]
[WhiteElo "1226"]
[BlackElo "1551"]
[WhiteClock "00:25:16"]
[BlackClock "00:32:34"]
[WhiteTeam "SK Bebenhausen"]
[BlackTeam "SC Bavaria Regensburg"]
[PlyCount "74"]
[WhiteFideId "12967050"]
[BlackFideId "12987875"]
[EventCountry "GER"]
[EventRounds "7"]
[EventType "team-swiss"]
[EventDate "2014.12.26"]

1. e4 {[%clk 1:30:54]} c5 {[%clk 1:30:53]} 2. d4 {[%clk 1:31:17]} cxd4 {[%clk
1:31:10]} 3. c3 {[%clk 1:31:33]} dxc3 {[%clk 1:31:10]} 4. Nxc3 {[%clk 1:31:33]}
e6 {[%clk 1:31:10]} 5. Nf3 Qc7 {[%clk 1:17:32]} 6. e5 Bb4 7. Bd2 {[%clk
1:22:14]} a6 {[%clk 1:12:34]} 8. Rc1 {[%clk 1:15:31]} Bxc3 {[%clk 1:07:59]} 9.
Bxc3 {[%clk 1:10:26]} Nc6 {[%clk 1:06:17]} 10. Qd6 {[%clk 1:01:41]} Qxd6 {[%clk
1:04:54]} 11. exd6 {[%clk 1:01:59]} f6 {[%clk 1:04:19]} 12. Bc4 {[%clk
1:00:00]} b5 {[%clk 1:01:52]} 13. Bb3 {[%clk 1:00:23]} Nh6 {[%clk 1:00:38]} 14.
O-O {[%clk 0:58:40]} O-O {[%clk 1:00:52]} 15. Nh4 {[%clk 0:53:40]} Kh8 {[%clk
0:56:49]} 16. Bd2 {[%clk 0:48:41]} Nf7 {[%clk 0:56:47]} 17. f4 {[%clk 0:44:06]}
Nxd6 {[%clk 0:56:49]} 18. Bxe6 {[%clk 0:42:24]} dxe6 {[%clk 0:54:52]} 19. Rxc6
{[%clk 0:42:24]} Nc4 {[%clk 0:52:30]} 20. Bb4 {[%clk 0:39:58]} Rd8 {[%clk
0:50:56]} 21. b3 {[%clk 0:38:59]} Ne3 {[%clk 0:49:58]} 22. Re1 {[%clk 0:37:32]}
Nd5 {[%clk 0:50:21]} 23. Bd2 {[%clk 0:36:11]} Ne7 {[%clk 0:46:38]} 24. Rc2
{[%clk 0:36:01]} Bd7 {[%clk 0:44:54]} 25. f5 {[%clk 0:32:57]} Nxf5 {[%clk
0:42:00]} 26. Nxf5 {[%clk 0:33:19]} exf5 {[%clk 0:42:19]} 27. Re7 {[%clk
0:31:02]} Rac8 {[%clk 0:42:19]} 28. Rxd7 {[%clk 0:30:11]} Kg8 {[%clk 0:41:10]}
29. Rxc8 {[%clk 0:29:53]} Rxc8 {[%clk 0:41:29]} 30. Bf4 {[%clk 0:28:02]} Rc2
{[%clk 0:40:45]} 31. a4 {[%clk 0:27:13]} bxa4 {[%clk 0:40:59]} 32. bxa4 {[%clk
0:26:55]} Rc4 {[%clk 0:41:23]} 33. Bd2 {[%clk 0:25:13]} Rxa4 {[%clk 0:41:43]}
34. Rd5 {[%clk 0:25:16]} Ra1+ {[%clk 0:32:34]} 35. Kf2 Ra2 36. Ke3 g6 37. Rd6
Kg7 1/2-1/2

[Event "DVM U14 2014"]
[Site "Regensburg GER"]
[Date "2014.12.27"]
[Round "1"]
[White "Herrmann, Luca"]
[Black "Laubrock, Paul"]
[Result "1/2-1/2"]
[Termination "normal"]
[Board "3.1"]
[WhiteElo "1554"]
[BlackElo "1902"]
[WhiteTeam "SC Tarrasch München"]
[BlackTeam "Hagener SV"]
[PlyCount "45"]
[WhiteFideId "2811834"]
[BlackFideId "1270509"]
[EventCountry "GER"]
[EventRounds "7"]
[EventType "team-swiss"]
[EventDate "2014.12.26"]

1. d4 Nf6 2. c4 e6 3. g3 d5 4. Nf3 c6 5. Bg2 Nbd7 6. O-O Bd6 7. Nfd2 O-O 8. Nc3
Bb4 9. e4 Bxc3 10. bxc3 dxe4 11. Nxe4 Qa5 12. Qb3 Nxe4 13. Bxe4 Nf6 14. Bg2 Rd8
15. Bf4 Ng4 16. h3 Nf6 17. Rfd1 Nh5 18. Be3 Qc7 19. Rd2 b6 20. d5 exd5 21. cxd5
Bb7 22. g4 Nf6 23. d6 1/2-1/2

[Event "DVM U14 2014"]
[Site "Regensburg GER"]
[Date "2014.12.27"]
[Round "1"]
[White "Balazs, Balint"]
[Black "Klenk, Sofie"]
[Result "1-0"]
[Termination "normal"]
[Board "3.2"]
[WhiteElo "1851"]
[BlackElo "1817"]
[WhiteTeam "Hagener SV"]
[BlackTeam "SC Tarrasch München"]
[PlyCount "101"]
[WhiteFideId "12922757"]
[BlackFideId "12996653"]
[EventCountry "GER"]
[EventRounds "7"]
[EventType "team-swiss"]
[EventDate "2014.12.26"]

1. e4 e6 2. d4 d5 3. Nd2 c5 4. exd5 exd5 5. Ngf3 Nf6 6. Be2 Nc6 7. O-O cxd4 8.
Nb3 Be7 9. Nbxd4 O-O 10. Re1 Re8 11. Bg5 Bg4 12. Nxc6 bxc6 13. Nd4 Bxe2 14.
Rxe2 Qd7 15. Qd3 Bd8 16. Rae1 Ne4 17. Bxd8 Raxd8 18. Nf3 Qb7 19. c4 Nf6 20. Ne5
Re6 21. cxd5 cxd5 22. Nf3 Rxe2 23. Rxe2 Rc8 24. h3 h6 25. Rc2 Rc6 26. Nd4 Rxc2
27. Qxc2 Qb4 28. Nf5 Qe1+ 29. Kh2 Qe5+ 30. g3 Ne4 31. Nh4 Ng5 32. f4 Qe4 33.
Qc8+ Kh7 34. fxg5 hxg5 35. Qf5+ Kh6 36. Qxe4 dxe4 37. Nf5+ Kg6 38. g4 Kf6 39.
Kg2 g6 40. Nd6 Ke5 41. Nxf7+ Kd4 42. Kf2 Kd3 43. Nxg5 e3+ 44. Ke1 Kc2 45. h4
Kxb2 46. h5 gxh5 47. gxh5 Kxa2 48. h6 a5 49. h7 a4 50. h8=Q a3 51. Qc3 1-0